Readings in Strategic Management
Saved in:
| Main Author: | |
|---|---|
| Other Authors: | , |
| Format: | Book |
| Language: | English |
| Published: |
Plano
Business Pub.
1987
|
| Edition: | 2. ed. |
| Tags: |
No Tags, Be the first to tag this record!
|
MARC
| LEADER | 00000nam a2200000 4500 | ||
|---|---|---|---|
| 001 | c024271 | ||
| 005 | 20221219120458.2 | ||
| 041 | 0 | |a eng | |
| 044 | |a US | ||
| 245 | 1 | 0 | |a Readings in Strategic Management |c Arthur A. Thompson, A.J. Strickland, William E. Fulmer |
| 250 | |a 2. ed. | ||
| 264 | 1 | |a Plano |b Business Pub. |c 1987 | |
| 300 | |a 357 s. | ||
| 100 | 1 | |a Thompson, Jr., Arthur A. | |
| 700 | 1 | |a Strickland, A. J. | |
| 700 | 1 | |a Fulmer, William E. | |